000 00446cam a22001337a 4500
008 180718b1990 xxu||||| |||| 00| 0 eng d
082 _aP000x54 P/R/1990
100 _aIndia. Committee for Review of National Policy on Education
245 _aReport of the Committee for Review of National Policy on Education, 1986
260 _aNew Delhi
_bThe author
_c1990
300 _a409p.
500 _aChairman: Ramamurti
700 _aRamamurti (Chairman)
999 _c478286
_d478286